000 00578nam a2200217Ia 4500
005 20250508164516.0
008 008 250505s9999 xx 000 0 hin d
037 _aTextual
040 _aFEDL
_beng
_cFEDL
041 _ahin
_2eng
084 _a330, IND
_qFEDL
100 _aHagenbuch Walter
245 0 _aSamajik arthshastra
260 _aNew Delhi, India
_bMinistry of Education
_c1967
300 _axviii,323p.
365 _aINR
_b5.6
546 _aMACESE
650 _aSocial economics
_9725668
942 _cTEXL
_h330, IND
999 _c1389487
_d1389487